| 000 | 00422nam a2200157Ia 4500 | ||
|---|---|---|---|
| 008 | 241014s9999||||xx |||||||||||||| ||und|| | ||
| 020 | _a1420065645 | ||
| 060 | _aQV 785 A 2009 | ||
| 100 | _aAlexander T. Florence, Juegen Siepmann | ||
| 245 | 0 | _aModern Pharmaceutics . Basic Principles and Systems. | |
| 250 | _a5th | ||
| 260 |
_bInforma HealthCare _c2009 |
||
| 300 | _a633 | ||
| 650 | _aPharmacology | ||
| 942 |
_bDIMC _cBK |
||
| 999 |
_c8646 _d8646 |
||